000 00653nam a2200241Ia 4500
003 OSt
005 20221005131006.0
006 a|||||r|||| 00| 0
007 ta
008 221004b |||||||| |||| 00| 0 eng d
024 _a48082
037 _cTextual
040 _aCRL
_cCRL
_beng
041 _2eng
_aeng
082 _aT2:3:A, K4
110 _aINDIAN PARLIAMENTARY and Scientific Committee
_9638976
245 0 _aScience education in schools
_b Report
260 _c1964
650 _aEDUCATION
700 _aINDIAN PARLIAMENTARY and Scientific Committee
_9638977
942 _hT2:3:A, K4
_cTEXL
_2cc
999 _c1059039
_d1059039